Normal view
MARC view
Entry Personal Name
001 - CONTROL NUMBER
- control field: 28320
003 - CONTROL NUMBER IDENTIFIER
- control field: ARRUPE
005 - DATE AND TIME OF LATEST TRANSACTION
- control field: 20170112120936.0
008 - FIXED-LENGTH DATA ELEMENTS
- fixed length control field: 170112|| aca||aabn | a|a d
040 ## - CATALOGING SOURCE
- Original cataloging agency: ARRUPE
- Transcribing agency: ARRUPE
100 ## - HEADING--PERSONAL NAME
- Personal name: Macharia, Winfred G.
- Relator term: ed.
670 ## - SOURCE DATA FOUND
- Source citation: Work cat.: (ARRUPE)0: Macharia, Winfred G. ed. , Young action for the future., 1997